| Tag |
First Indicator |
Second Indicator |
Subfields |
| LEADER |
00000cam a22000001i 4500 |
| 001 |
in00004085921 |
| 006 |
m |o d | |
| 007 |
cr |n||||||||| |
| 008 |
191018t20192019nyu ob 001 0 eng d |
| 005 |
20221130133818.9 |
| 020 |
|
|
|a 9780190931896 (electronic bk.)
|
| 020 |
|
|
|a 0190931892 (electronic bk.)
|
| 020 |
|
|
|z 9780190931889
|
| 020 |
|
|
|z 0190931884
|
| 024 |
8 |
|
|a 99984849178
|
| 035 |
|
|
|a (NhCcYBP)ebc5878289
|
| 035 |
|
|
|a in00004085921
|
| 040 |
|
|
|a NhCcYBP
|c NhCcYBP
|d UtOrBLW
|
| 050 |
|
4 |
|a HB501
|b .A35 2019
|
| 082 |
0 |
4 |
|a 330.122
|2 23
|
| 100 |
1 |
|
|a Adler, Paul S.,
|e author.
|0 http://id.loc.gov/authorities/names/n91111867
|
| 245 |
1 |
4 |
|a The 99 percent economy :
|b how democratic socialism can overcome the crises of capitalism /
|c Paul S. Adler.
|
| 246 |
3 |
|
|a Ninety-nine percent economy
|
| 246 |
1 |
8 |
|a 99 percent econ%my
|
| 264 |
|
1 |
|a New York, NY :
|b Oxford University Press,
|c [2019]
|
| 264 |
|
4 |
|c ©2019
|
| 300 |
|
|
|a 1 online resource.
|
| 336 |
|
|
|a text
|b txt
|2 rdacontent
|
| 337 |
|
|
|a computer
|b c
|2 rdamedia
|
| 338 |
|
|
|a online resource
|b cr
|2 rdacarrier
|
| 490 |
1 |
|
|a Clarendon lectures in management studies
|
| 504 |
|
|
|a Includes bibliographical references (pages 195-220) and index.
|
| 505 |
0 |
|
|a Six crises -- The root cause -- A growing tension -- The promise and limits of reform -- Managing our economy, democratically and effectively -- A democratic-socialist America -- Getting there.
|
| 588 |
|
|
|a Description based on print version record.
|
| 500 |
|
|
|a Electronic resource.
|
| 650 |
|
0 |
|a Capitalism
|x History
|y 21st century.
|
| 650 |
|
0 |
|a Democracy
|x Economic aspects
|y 21st century.
|
| 650 |
|
0 |
|a Property and socialism
|y 21st century.
|
| 655 |
|
7 |
|a Electronic books.
|2 local
|
| 710 |
2 |
|
|a ProQuest (Firm)
|0 http://id.loc.gov/authorities/names/n2007068018
|
| 776 |
1 |
8 |
|c Original
|z 9780190931889
|z 0190931884
|
| 830 |
|
0 |
|a Clarendon lectures in management studies.
|0 http://id.loc.gov/authorities/names/no2003057455
|
| 856 |
4 |
0 |
|u https://ebookcentral.proquest.com/lib/tamucs/detail.action?docID=5878289
|z Connect to the full text of this electronic book
|t 0
|
| 955 |
|
|
|a YBP purchased DDA e-records
|
| 980 |
|
|
|b 50.52
|g 1
|
| 987 |
|
|
|a ybp300785684
|
| 999 |
f |
f |
|s f10a94e1-59fb-495c-94cd-966bcd6c6cd1
|i 54600a5f-c827-3d34-943c-e53db25923ea
|t 0
|
| 952 |
f |
f |
|a Texas A&M University
|b College Station
|c Electronic Resources
|d Available Online
|t 0
|e HB501 .A35 2019
|h Library of Congress classification
|
| 998 |
f |
f |
|a HB501 .A35 2019
|t 0
|l Available Online
|